000 00700nam a2200265Ia 4500
003 OSt
005 20220918164025.0
006 a|||||r|||| 00| 0
007 ta
008 220917b |||||||| |||| 00| 0 eng d
020 _a0415015022
024 _a29,246
037 _cTextual
040 _aARTS
_cARTS
_beng
041 _2eng
_aeng
082 _aO111,3:g(N), N3
100 _aTrotter David
_916707
245 0 _aEnglish novel in history 1895-1920
260 _aN.Y
_bRoutledge USA
_c1993
300 _avi,337p.
_ccm.
490 _aNovel in history
650 _aENGLISH LITERATURE
942 _hO111,3:g(N), N3
_cTEXL
_2CC
999 _c122716
_d122716